000 00966nam a2200229Ia 4500
001 342
003 GE_BSU
008 181216s||||||||xx |||||||||||||| ||und||
020 _a9789941903298
040 _cGE_BSU
080 _a372(076)
100 _aგაგოშიძე,თამარ
245 _aპრაქტიკული მუშაობა ბავშვებთან.წ.II.
245 _bბავშვის განვითარების მასტიმულირებელი სავარჯიშოები
260 _aთბილისი
260 _bშპს "სიესტა
260 _c2007
300 _a58გვ.
541 _h10ლ.
653 _aპრაქტიკული მუშაობა ბავშვებთან.წ.II.ბავშვის განვითარების მასტიმულირებელი სავარჯიშოები
942 _cBK
999 _c34581
_d34581